Základné problémy analýzy možnej zmeny klímy v 21. storočí

Rámcový dohovor OSN o klimatickej zmene. Inventarizácia emisie skleníkových plynov a spresnenie teórie ich cyklov v atmosfére. Opatrenia na redukciu emisie skleníkových plynov. Monitoring klimatickej zmeny. Odhad možných dôsledkov kilmatickej zmeny. Opatrenia na zmiernenie možných negatívnych dôsled...

Descripción completa

Guardado en:
Detalles Bibliográficos
Autor principal: Lapin, Milan
Formato: Capítulo de libro
Lenguaje:eslovaco
Materias:
Etiquetas: Agregar Etiqueta
Sin Etiquetas, Sea el primero en etiquetar este registro!

MARC

LEADER 00000naa$a2200000$$$4500
001 0038207
005 20230928075514.8
041 0 |a slo 
044 |a SK 
245 1 0 |a Základné problémy analýzy možnej zmeny klímy v 21. storočí  |c Milan Lapin 
520 |a Rámcový dohovor OSN o klimatickej zmene. Inventarizácia emisie skleníkových plynov a spresnenie teórie ich cyklov v atmosfére. Opatrenia na redukciu emisie skleníkových plynov. Monitoring klimatickej zmeny. Odhad možných dôsledkov kilmatickej zmeny. Opatrenia na zmiernenie možných negatívnych dôsledkov. Prijatie Kjótskeho protokolu. 
610 2 0 |a zmeny klimatické 
610 2 0 |a efekt skleníkový 
610 2 0 |a opatrenia 
610 2 0 |a emisie 
610 2 0 |a prostredie životné 
610 2 0 |a 2001-2100 
100 1 |a Lapin, Milan